Un invierno en Mallorca / (Record no. 138377)

MARC details
000 -LEADER
campo de control de longitud fija 00679nam a2200193 4500
001 - NÚMERO DE CONTROL
campo de control 138377
003 - IDENTIFICADOR DE NÚMERO DE CONTROL
campo de control ES-MaACL
005 - FECHA Y HORA DE LA ÚLTIMA TRANSACCIÓN
campo de control 20230906195544.0
007 - CAMPO FIJO DE DESCRIPCIÓN FÍSICA--INFORMACIÓN GENERAL
campo de control de longitud fija t|
008 - DATOS DE LONGITUD FIJA--INFORMACIÓN GENERAL
campo de control de longitud fija 070214s1902 sp r ||||1| spa d
100 1# - ENTRADA PRINCIPAL--NOMBRE DE PERSONA
Nombre de persona Sand, George,
Fechas asociadas al nombre 1804-1876
9 (RLIN) 103060
245 13 - MENCIÓN DEL TÍTULO
Título Un invierno en Mallorca /
Mención de responsabilidad, etc. Jorge Sand [seud. de Armandine Lucile Aurore Dupin] ; traducido y anotado por Pedro Estelrich con un prólogo de Gabriel Alomar.
260 ## - PUBLICACIÓN, DISTRIBUCIÓN, ETC.
Lugar de publicación, distribución, etc. Palma :
Nombre del editor, distribuidor, etc. Bartolomé Rotger,
Fecha de publicación, distribución, etc. 1902.
300 ## - DESCRIPCIÓN FÍSICA
Extensión 411, 219 p. ;
Dimensiones 20 x 13 cm.
700 1# - ENTRADA AGREGADA--NOMBRE PERSONAL
Nombre de persona Estelrich, Pedro (
Fechas asociadas al nombre 1844-1912)
9 (RLIN) 48106
700 1# - ENTRADA AGREGADA--NOMBRE PERSONAL
Nombre de persona Alomar, Gabriel.
9 (RLIN) 20175
852 ## - LOCALIZACIÓN
Ubicación ES-MaACL
Número de control de estantería G-11669
Holdings
Estatus retirado Estado de pérdida Estado de daño No para préstamo Biblioteca de origen Biblioteca actual Ubicación en estantería Fecha de adquisición Fuente de adquisición Total de préstamos Signatura topográfica completa Código de barras Visto por última vez Precio de reemplazo Tipo de ítem Koha
        Biblioteca del Ateneo de Madrid Biblioteca del Ateneo de Madrid Sala Pecera Planta 3 17/01/2008     G-11669 1143991 23/02/2023 23/02/2023 Libro impreso